| 000 | 00538nam a2200181 i 4500 | ||
|---|---|---|---|
| 001 | 56154 | ||
| 003 | ES-MaACL | ||
| 005 | 20230906163309.0 | ||
| 007 | t| | ||
| 008 | 031003s1970 sp ||||1| spa d | ||
| 100 | 1 |
_aDíaz-Plaja, Guillermo, _d1909-1984 _9162428 |
|
| 245 | 1 | 4 |
_aLos paraísos perdidos _b: la actitud "hippy" en la historia / _cGuillermo Díaz-Plaja. |
| 250 | _a[1ª ed.]. | ||
| 260 |
_aBarcelona : _bSeix Barral, _c1970. |
||
| 300 |
_a209 p. ; _c22 cm. |
||
| 852 |
_aES-MaACL _jC-38717 _bR.74276 |
||
| 999 |
_c56154 _d56154 |
||